Brighton and Hove 5B Bus Route - Statistics

General Stats
  • This quiz has been taken 12 times
  • The average score is 16 of 67
Answer Stats
Answer % Correct
Churchill Square (Stop C6)
100%
Churchill Square (Stop C7)
100%
North Street
88%
London Road Shops
75%
Old Steine
75%
Palmeira Square
63%
George Street
50%
St Peters Church
50%
St Peters Church
50%
Waitrose
50%
Waitrose Hove
50%
Hollingbury ASDA
38%
Hove Town Hall
38%
Preston Circus
38%
Valley Gardens
38%
Varndean College
38%
Beaconsfield Villas Bottom
25%
Beaconsfield Villas Middle
25%
Beaconsfield Villas Top
25%
Grenadier Hotel
25%
Hangleton Road Shops
25%
Hangleton Road Twitten
25%
Lucerne Road
25%
Norfolk Square
25%
St Marys Church
25%
Surrenden Holt
25%
Amex Stadium
13%
Baker Street
13%
Barnet Way
13%
Braybon Avenue Top
13%
Brighton Academy (BACA)
13%
Brighton University Falmer
13%
Brunswick Place
13%
Carden Crescent
13%
Carden Hill
13%
County Oak Avenue
13%
Crowhurst Road North
13%
Crowhurst Road West
13%
Dale Drive
13%
Eaton Road
13%
Falmer Station
13%
Greenfield Crescent
13%
Greyhound Stadium
13%
Hangleton Library
13%
Hove Park Tavern
13%
Loder Road
13%
Long Man of Wilmington
13%
Moda Hove Central
13%
Nevill Way
13%
Old Boat Corner
13%
Poplar Avenue
13%
Second Avenue
13%
Sherbourne Close
13%
Spencer Avenue
13%
Springfield Road
13%
Top of Hawkhurst Road
13%
Varley Park
13%
Coleridge Street
0%
Court Farm Road
0%
Hardwick Road
0%
Hardwick Way
0%
Northease Drive
0%
Park Road
0%
Portland Road
0%
Towns Corner
0%
Village Way
0%
West Way Twitten
0%
No matching quizzes found
Score Distribution
Percent of People with Each Score
Percentile by Number Answered
Your Score History
You have not taken this quiz